Supuestos de contabilidad para las oposiciones a profesores mercantiles al servicio de la Hacienda Pública. (Record no. 148976)

MARC details
000 -LEADER
campo de control de longitud fija 00601ntm a2200181 i 4500
001 - NÚMERO DE CONTROL
campo de control 148976
003 - IDENTIFICADOR DE NÚMERO DE CONTROL
campo de control ES-MaACL
005 - FECHA Y HORA DE LA ÚLTIMA TRANSACCIÓN
campo de control 20230906202908.0
007 - CAMPO FIJO DE DESCRIPCIÓN FÍSICA--INFORMACIÓN GENERAL
campo de control de longitud fija t|
008 - DATOS DE LONGITUD FIJA--INFORMACIÓN GENERAL
campo de control de longitud fija 070214q1960 sp |||| | spa d
245 00 - MENCIÓN DEL TÍTULO
Título Supuestos de contabilidad para las oposiciones a profesores mercantiles al servicio de la Hacienda Pública.
260 ## - PUBLICACIÓN, DISTRIBUCIÓN, ETC.
Lugar de publicación, distribución, etc. Madrid :
Nombre del editor, distribuidor, etc. Instituto de Contabilidad,
Fecha de publicación, distribución, etc. [ca. 1960]
300 ## - DESCRIPCIÓN FÍSICA
Extensión 297 p. ;
Dimensiones 31 cm.
500 ## - NOTA GENERAL
Nota general Ejemplar mecanografiado.
650 04 - PUNTO DE ACCESO ADICIONAL DE MATERIA--TÉRMINO DE MATERIA
Término de materia o nombre geográfico como elemento de entrada Contabilidad-
Subdivisión de forma Problemas.
9 (RLIN) 166393
710 2# - ENTRADA AGREGADA--NOMBRE DE ENTIDAD CORPORATIVA
Nombre de entidad corporativa o nombre de jurisdicción como elemento de entrada Instituto de Contabilidad de Madrid.
9 (RLIN) 4846
852 ## - LOCALIZACIÓN
Ubicación ES-MaACL
Número de control de estantería G-12
Holdings
Estatus retirado Estado de pérdida Estado de daño No para préstamo Colección Biblioteca de origen Biblioteca actual Ubicación en estantería Fecha de adquisición Fuente de adquisición Total de préstamos Signatura topográfica completa Código de barras Visto por última vez Precio de reemplazo Tipo de ítem Koha
        Manuscritos Biblioteca del Ateneo de Madrid Biblioteca del Ateneo de Madrid Depósito 2 17/01/2008     G-12 1155461 23/02/2023 23/02/2023 Manuscrito